| 000 | 00749cab a2200217 4500 | ||
|---|---|---|---|
| 001 | X3685 | ||
| 008 | 090401t1996 xxu||||| |||| 00| 0 eng d | ||
| 035 | _a(Sirsi) u32127 | ||
| 041 | _aeng | ||
| 245 | _aDefence Estate Organisation | ||
| 260 | _c1996 | ||
| 350 | _a0 | ||
| 490 |
_aCSM (Chartered Surveyor Monthly) _v5(10) July/August 1996, 3(1) |
||
| 520 | _aIn response to recent government review of the DEO`s status under the Next Step`s initiative the RICS has recommended that the DEO must retain its strategic powers over the MoD`s vast property assets. | ||
| 650 | _aDEFENCE ESTATE ORGANISATION | ||
| 650 | _aDEFENCE PROPERTY | ||
| 650 | _aMOD PROPERTY | ||
| 690 | _aPROPERTY LAW AND PRACTICE | ||
| 942 | _n0 | ||
| 948 | _c04/03/1997 | ||
| 999 |
_c21563 _d21563 |
||